Greece /

Bibliographic Details
Main Author: Leprohon, Pierre
Format: Book
Language:English
Published: Genève : Minerva ; 1975.
Subjects:

MARC

Tag First Indicator Second Indicator Subfields
LEADER 00000cam a2200000Ii 4500
001 in00001696913
005 20151024172536.0
008 790427s1975 sz a 000 0 eng d
035 |a (OCoLC)ocm04903645 
040 |a LSM  |c LSM  |d TXA  |d UtOrBLW 
043 |a e-gr--- 
049 |a TXAM 
090 |a DF727  |b .L4613 1975 
092 |a 914.95  |b Lep 
100 1 |a Leprohon, Pierre. 
245 1 0 |a Greece /  |c text by Pierre Leprohon. 
264 1 |a Genève :  |b Minerva ;  |c 1975. 
264 2 |a [New York] :  |b Distributed by Crown Publishers, 
300 |a 95 pages :  |b color illustrations ;  |c 26 cm. 
336 |a text  |b txt  |2 rdacontent 
337 |a unmediated  |b n  |2 rdamedia 
338 |a volume  |b nc  |2 rdacarrier 
536 |a A gift from the estate of Dwayne Elliott May class of '68 April 2002. 
651 0 |a Greece  |x Description and travel. 
948 |a cataloged  |b h  |c 2002/11/14  |e cmulkey  |f 9:49:34 
994 |a E0  |b TXA 
999 |a MARS 
999 f f |s eb5aaa44-dcd5-3d0d-b48e-29545256ec54  |i 599b42a2-3364-3166-ac3a-d6747540443c  |t 0 
952 f f |p ric  |a Texas A&M University  |b Rellis Campus  |c Joint Library Facility  |d Remote Storage  |t 0  |e DF727 .L4613 1975  |h Library of Congress classification  |i unmediated -- volume  |m A14829455570 
998 f f |a DF727 .L4613 1975  |t 0  |l Remote Storage